Cricket. Find the Player. - Statistics

General Stats
  • This quiz has been taken 30 times
  • The average score is 4 of 13
Answer Stats
Hint Answer % Correct
Black Caps New Zealand
78%
Noor Ahmed and Rashid Khan's team Afghanistan
74%
Played against the above in the 2019 world cup final England
74%
When the batsmen is out of his crease and the keeper hits the stumps, usually on a spinner. Stumping
63%
Ball goes off the pitch No Ball
44%
When the ball is thrown where the bowler or keeper can't reach it and the batsmen usually take an extra run. Overthrow
41%
Team in blue who hasn't one a single IPL. At the bottom of the 2024 IPL table April 27. RCB
26%
A no ball when the ball is over the waist. Height
15%
The mystery womens Indian player is in a movie(Last name). Raj
15%
The bowler twists the ball with his or her fingers prior to make this delivery Top Spin
7%
When the ball is usually at the batsmen head and the ball goes behind and over the keeper. The batsmen hits the ball. Upper Cut
7%
Mystery Player Ashton Turner
0%
Punjab Kings 2024 Player first name starting with a. Taide
0%
No matching quizzes found
Score Distribution
Percent of People with Each Score
Percentile by Number Answered
Your Score History
You have not taken this quiz